Steal a Brainrot Characters (BRAINROT DEALER UPDATE) - Statistics

General Stats
  • This quiz has been taken 47 times
    5 since last reset
  • The average score is 35 of 206
Answer Stats
Description Brainrot % Correct
Desert Elephant Lirili Larila
80%
Pizza noob Noobini Pizzanini
80%
2 very famous numbers 67
60%
Banana Dolphin Bananita Dolphinita
60%
Gangster Squirrel Bandito Bobritto
60%
Bomber Crocodile Bombardino Crocodilo
60%
Monkey with big feet who is like a tree Brr Brr patapim
60%
Hippo Cactus Cacto Hipopotamo
60%
Cappuccino assassin Cappuccino Assassino
60%
Biker with a gumball machine head Chicleteira Bicicleteira
60%
Banana Chimpanzee Chimpanzini Bananini
60%
Corn Anomaly Corn Corn Corn Sahur
60%
Pasta Dragon Dragon Cannelloni
60%
Bird with sunglasses Fruli Frula
60%
Job application with a bat Job Job Job Sahur
60%
Kids of 67 Los 67
60%
Rhino Toaster Rhino Toasterino
60%
Rat Agent Tim Cheese
60%
Shrimp Cat Trippi troppi
60%
Fish headed bear Trippi Troppi Troppa Trippa
60%
Stick with a bat Tung Tung Tung Sahur
60%
Zibra Watermelon Zibra Zubra Zibralini
60%
Strong Frappe Ballerino Lololo
40%
Croissant Deer Bambini Crostini
40%
Blueberry Octopus Blueberrinni Octopusini
40%
Bomber Goose Bombombini Gusini
40%
Capybara Coconut Burbaloni Loliloli
40%
Horse Piano Cavallo Virtuoso
40%
Coconut Elefant Cocofanto Elefanto
40%
Camel Fridge Frigo Camelo
40%
Orange body Giraffe and is strong Ganganzelli Trulala
40%
Gangster Foot Gangster Footera
40%
Watermelon Crocodile Glorbo Fruttodrillo
40%
Kids of Tralalita Tralala Las Tralaleritas
40%
Kids of La Vacca Saturno Saturnita Las Vaquitas Saturnitas
40%
Lion Cactus Lionel Cactuseli
40%
Kids of Bombombini gusini Los Bombinitos
40%
Tungtungcito and Tralalero brothers together awww Los Bros
40%
Kids of Bombardino Crocodilo Los Crocodillitos
40%
Kids of Matteo Los Matteos
40%
Kids of Noobini Pizzanini Los Noobinis
40%
Kids of Spaghetti Tualetti Los Spaghettis
40%
The most cool brainrot, chill guy with a top hat Matteo
40%
Taco Pot Hotspot Nooo My Hotspot
40%
Strong Orange Odin Din Din Dun
40%
Orangutan pineapple Orangutini Ananassini
40%
Coconut penguin Penguino Cocosino
40%
Lemon Bird Perochello Lemonchello
40%
Salami Penguin Salamino Penguino
40%
Sushi Penguin Sigma Boy
40%
Spaghetti toilet Spaghetti Tualetti
40%
Strawberry Flamingo Strawberrelli Flamingelli
40%
Bomb Pig Svinina Bombardino
40%
Smoke Sahur Ta Ta Ta Ta Sahur
40%
The most creepy Sahur anomaly… Te Te Te Sahur
40%
A brick with a face Ti Ti Ti Sahur
40%
Dragonfruit turtle Torrtuginni Dragonfrutini
40%
Evil Tralalero Tralala Tralaledon
40%
Shark with blue shoes Tralalero Tralala
40%
Wife of shark with blue shoes Tralalita Tralala
40%
Zucchini with big feet Tric Trac Baraboom
40%
Cat fish (haha funni) Trulimero Trulicina
40%
Soccer ball with a face Alessio
20%
Deer avocado Avocadini Antilopini
20%
Owl Avocado (what’s the deal with avocados?) Avocadini Guffo
20%
The goat of brainrots, ‘black hole goat’ planet thing Blackhole Goat
20%
Frog Tire Boneca Ambalabu
20%
A Koala in a cupcake Cupcake Koala
20%
School house with number 9 Esok Sekolah
20%
Dark Cousin of Ballerina Cappachina Espresso Signora
20%
Giraffe watermelon Astronaut Girafa Celestre
20%
Watermelon Gorilla Gorillo Watermelondrillo
20%
All Brainrots fused into One La Grande Combinassion
20%
Ballerina and tralalita sisters awww Las Sis
20%
Cow Planet La Vacca Saturno Saturnita
20%
Kids of Orcalero Orcala Los Orcalitos
20%
anthropomorphic orca Orcalero Orcala
20%
Wife of Orcalero Orcala Orcalita Orcala
20%
Banana Panda (hey that rhymes I think) Pandaccini Bananini
20%
Pigeon Cybertruck Piccione Macchina
20%
Kiwi Raccoon Pipi Kiwi
20%
Rat Potato Pipi Potato
20%
No hotspot? Trash at the game? Cry about it Pot Hotspot
20%
Girl version of Sigma Boy Sigma Girl
20%
Elephant made out of strawberry’s Strawberry Elephant
20%
Taco Pig Tipi Topi Taco
20%
Camel with a cactus body and a mustache Tob Tobi Tobi
20%
The embodiment of Shedletskys Hate 1x1x1x1
0%
Tetris with a human face Anpali Babel
0%
Astronaut underwater Aquanaut
0%
Avocado Gorilla Avocadorilla
0%
Cappuccino Ballerina Ballerina Cappachina
0%
Bambu Anamaly Bambu Bambu Sahur
0%
Banana Gangster Bananito Bandito
0%
Cousin of gangster squirrel Bandito Axolito
0%
Beluga, yea that’s it Belula Beluga
0%
Buffalo planet Bisonte Giuppitere
0%
Bomber with a tortilla in the front with eyes Bombardini Tortinii
0%
Human ice tea Brr Es Teh Patipum
0%
Roman Warrior Bird with strawberry’s Brri Brri Bicus Dicus Bombicus
0%
Hippo Construction vehicle Brutto Gialutto
0%
Fire Owl Buho De Fuego
0%
Potato farmer with a gun Bulbito Bandito Traktorito
0%
Burger and fries Burguro and Fryuro
0%
Satelittle Mouse Cacasito Satalito
0%
Camaral Dog Caramello Filtrello
0%
The stupidest brainrot on this planet earth, fish with a foot and top hat drinking a smoothie Carloo
0%
Chef Crab Chef Crabracadabra
0%
Girl version of Chicleteira Bicicleteira Chicleteirina Bicicleteirina
0%
Taco Dog Chihuanini Taconini
0%
Chili that is chillin Chillin Chili
0%
High Tech Crab Clickerino Crabo
0%
Kangaroo with a coconut pouch Cocosini mama
0%
Notebook and Pencil Cuadramat and Pakrahmatmamat
0%
Frog with a umbrella Doi Doi Do
0%
Elefanto Fridge Elefanto Frigo
0%
Evil Tralaledon Eviladon
0%
Fish on a Unicycle Fishino Clownino
0%
Strawberry Odin Din Din Dun Fragola la la la
0%
Strawberry and Chocolate Milkshakes Fragrama and Chocrama
0%
Pirate Frog Frogato Pirato
0%
Salt and pepper Garama and Madundung
0%
Nyan Cat Gattatino Nyanino
0%
Flying pizza saucer Gattito Tacoto
0%
Gorilla speaker Gorillo Subwoofero
0%
Squid jellyfish with eyes Graipuss Medussi
0%
Crab with a Beatbox Granchiello Spiritel
0%
Creepy guest with scary number Guest 666
0%
Disco truck face thing? Horegini Boom
0%
Green chair Karkerkar Kurkur
0%
Ketchup and mustard Ketchuru and Masturu
0%
I honestly have no clue what this is but dear god save us all from it Ketupat Kepat
0%
Scary Esok Sekolah La Casa Boo
0%
Dead version of La Grande La Extinct Grande
0%
Combination Karkarkar La Karkerkar Combinasion
0%
Combination of all Sahurs La Sahur Combinasion
0%
Ballerina Cappachinas kids Las Cappuchinas
0%
Even more better version of La Grande La Secret Combinasion
0%
Scary version of La Grande La Spooky Grande
0%
A more better version of La grande La Supreme Combinasion
0%
All of the taco brainrots into one La Taco Combinasion
0%
Washing machine Lavadorito Spinito
0%
Penguin Cactus Lerulerulerule
0%
Kids of Chicleteira Bicicleteira Los Chicleteiritas
0%
Kids of La Grande Los Combinasionas
0%
Kids of Pot Hotspot Los Hotspotsitos
0%
Kids of Job Sahur Los Jobcitos
0%
Kids of Nooo My Hotspot Los Nooo My Hotspotsitos
0%
Baby Bisonte and La Vacca Los Planitos
0%
Orcalero and Tralalero friends awww Los Primos
0%
Kids of Money Money Puggy Los Puggies
0%
Kids of Tacortia Bicicleteira Los Tacoritas
0%
Kids of Tipi Topi Taco Los Tipi Tacos
0%
Kids of Torrtuginni Dragonfrutini Los Tortus
0%
Kids of Tralalero Tralala Los Tralalaritos
0%
Tung Tung Tung Sahurs Kids Los Tungtungtungcitos
0%
Bloated Cracked toad with glassy eyes Malame Amarele
0%
Parrot with mango body Mangolini Parrocini
0%
Skeleton love Mexico thing? Mariachi Corazoni
0%
HUGE MASSIVE TV Mastodontico Telepiedone
0%
Owl Cat Meowl
0%
Literally a Man of Money Money Money Man
0%
Pug with money Money Money Puggy
0%
Santa Noob Noobini Santanini
0%
Police Burritos Noo La Polizia
0%
The bad exam Noo My Examine
0%
Nuke Dinosaur Bomber plane thingy Nuclearono Dinosauro
0%
very VERY evil pencil, like very evil Pakrahmatmamat
0%
Dog in a Burrito Perrito Burrito
0%
Wife of Piccione Macchina Piccionetta Macchina
0%
Pineapple Axolotol Pinealotto Fruttarino
0%
Avocado Capybara Pipi Avocado
0%
Corn Mouse Pipi Corni
0%
Monkey Watermelon Pi Pi Watermelon
0%
Lollipop on a bike Pirulitoita Bicicleteira
0%
Firework Sahur Pop Pop Pop Sahur
0%
Pumpkin Pot Hotspot Pot Pumpkin
0%
Yellow Puffer Fish Puffaball
0%
Flying duck dragon Quackula
0%
Chameleon kiwi Quivioli Ameleonni
0%
Jandel Raccoon Raccooni Jandelini
0%
Rhino Apache Rhino Helicopterino
0%
Sammy Spider Sammyni Spyderini
0%
Dead version of Dul Dul Dul Skull Skull Skull
0%
Spy pigeon Spioniro Golubiro
0%
Statue of Liberty Statutino Libertino
0%
Stop Light Stoppo Luminino
0%
Cool Soda Swag Soda
0%
Taco on a bike Tacorita Bicicleteira
0%
Drill Rat Talpa Di Fero
0%
Scary turtle Tartaragno
0%
Tank Turtle Tartaruga Cisterna
0%
Clock on a unicycle Tictac Sahur
0%
Tiger Watermelon Tigrilini Watermelini
0%
Tiger grapefruit Tigroligre Frutonni
0%
Toilet Seal Toiletto Focaccino
0%
Pointy thing anamoly To To To Sahur
0%
Camel Car Tracoducotulu Delapeladustuz
0%
Tractor Dinosaur Tractoro Dinosauro
0%
Advanced version of Turbo 3000 Trenostruzzo Turbo 4000
0%
Ostrich Train Trenozosturzzo Turbo 3000
0%
Tukan with a banana nose Tukanno Banana
0%
Uncle Sam Unclito Samito
0%
Brazilian Flamingo Urubini Flamenguini
0%
W or L chat? W or L
0%
The good exam Yess My Examine
0%
No matching quizzes found
Score Distribution
Percent of People with Each Score
Percentile by Number Answered
Your Score History
You have not taken this quiz since the last reset